[Event "Oberliga Ost-B 0001"]
[Site "Germany"]
[Date "2001.02.17"]
[Round "6.5"]
[White "Haakert, Juergen"]
[Black "Manakov, Marina"]
[Result "1/2-1/2"]
[WhiteElo "2349"]
[BlackElo "2296"]
[PlyCount "92"]
[EventDate "2000.10.15"]
[EventType "team"]
[EventRounds "11"]
[EventCountry "GER"]
[SourceTitle "EXT 2002"]
[Source "ChessBase"]
[SourceDate "2001.11.25"]
[SourceVersion "1"]
[SourceVersionDate "2001.11.25"]
[SourceQuality "1"]
[WhiteTeam "Oberursel"]
[BlackTeam "Zeitnot Hungen-Lich"]
[WhiteTeamCountry "GER"]
[BlackTeamCountry "GER"]

1. Nf3 d5 2. g3 c6 3. Bg2 Nf6 4. 0-0 Bg4 5. d3 Nbd7 6. Nbd2 e5 7. e4 dxe4 8. dxe4 Bc5 9. h3 Bh5 10. Qe2 Qc7 11. a4 a5 12. Nb3 Bb6 13. Be3 0-0 14. Rfd1 Rfe8 15. Rd3 Bxe3 16. Qxe3 Nb6 17. Nfd2 Nfd7 18. Bf1 f6 19. Nc5 Nxc5 20. Qxc5 Red8 21. b3 Bf7 22. Rd1 Rxd3 23. Bxd3 Nd7 24. Qc3 Nf8 25. Bc4 Rd8 26. Bxf7+ Kxf7 27. Re1 Qb6 28. Nc4 Qb4 29. Re3 Rd1+ 30. Kg2 b6 31. Qxb4 axb4 32. Nxb6 Rd2 33. c3 c5 34. Nc4 Ra2 35. cxb4 cxb4 36. Rd3 Ne6 37. Rd2 Ra1 38. Rd7+ Kg6 39. Rb7 Nc5 40. Rxb4 Rb1 41. a5 Ra1 42. Kf3 Nd3 43. Ra4 Rc1 44. a6 Rc2 45. a7 Ne1+ 46. Ke3 Ng2+ 1/2-1/2

[Event "BL 0001 (Women)"]
[Site "Germany"]
[Date "2001.??.??"]
[Round "6.2"]
[White "Jackova, Jana"]
[Black "Manakov, Marina"]
[Result "1-0"]
[WhiteElo "2358"]
[BlackElo "2296"]
[PlyCount "55"]
[EventDate "2000.10.??"]
[EventType "team-tourn"]
[EventRounds "11"]
[EventCountry "GER"]
[SourceTitle "CBM 082 Extra"]
[Source "ChessBase"]
[SourceDate "2001.07.03"]
[SourceVersion "1"]
[SourceVersionDate "2001.07.03"]
[SourceQuality "1"]
[WhiteTeam "Dresden (W)"]
[BlackTeam "Karlsruhe (W)"]
[WhiteTeamCountry "GER"]
[BlackTeamCountry "GER"]

1. e4 c6 2. d4 g6 3. Nf3 Bg7 4. Bd3 d5 5. Nbd2 Nh6 6. 0-0 0-0 7. h3 f6 8. Re1 Nf7 9. c4 Na6 10. a3 dxe4 11. Nxe4 c5 12. d5 b6 13. Ng3 Nc7 14. Qc2 Bd7 15. h4 e5 16. dxe6 Nxe6 17. h5 f5 18. hxg6 hxg6 19. Bd2 Nd4 20. Nxd4 cxd4 21. c5 Rc8 22. b4 bxc5 23. bxc5 Bc6 24. Bf4 Qh4 25. Qd2 Rfe8 26. Bc4 Qf6 27. Bg5 Bh6 28. Bxh6 1-0

[Event "BL 0001 (Women)"]
[Site "Germany"]
[Date "2001.??.??"]
[Round "10.2"]
[White "Manakov, Marina"]
[Black "Fuchs, Antje"]
[Result "1-0"]
[WhiteElo "2296"]
[BlackElo "2116"]
[PlyCount "81"]
[EventDate "2000.10.??"]
[EventType "team-tourn"]
[EventRounds "11"]
[EventCountry "GER"]
[SourceTitle "CBM 082 Extra"]
[Source "ChessBase"]
[SourceDate "2001.07.03"]
[SourceVersion "1"]
[SourceVersionDate "2001.07.03"]
[SourceQuality "1"]
[WhiteTeam "Karlsruhe (W)"]
[BlackTeam "Zeulenroda (W)"]
[WhiteTeamCountry "GER"]
[BlackTeamCountry "GER"]

1. d4 Nf6 2. Nf3 e6 3. Bg5 Be7 4. Nbd2 d5 5. e3 0-0 6. Bd3 Nbd7 7. 0-0 h6 8. Bh4 c5 9. c3 b6 10. Ne5 Nxe5 11. dxe5 Nd7 12. Bxe7 Qxe7 13. f4 a5 14. Qe2 Bb7 15. Rad1 Rad8 16. e4 Bc6 17. exd5 exd5 18. Rde1 Rfe8 19. Qh5 c4 20. Bb1 Qc5+ 21. Kh1 d4 22. cxd4 Qxd4 23. Ne4 Bxe4 24. Rxe4 Qc5 25. Qe2 b5 26. h3 Qc6 27. f5 Nc5 28. Re3 Qd5 29. f6 Qd2 30. Qg4 Ne6 31. Rfe1 Rd4 32. Qg3 Red8 33. Bf5 g5 34. Bxe6 fxe6 35. Qf3 R8d7 36. Qh5 Rh4 37. Qe8+ Kh7 38. Qxe6 Qd5 39. Qxd5 Rxd5 40. e6 Rf4 41. e7 1-0

[Event "BL 9900 (Women)"]
[Site "Germany"]
[Date "2000.04.02"]
[Round "11.2"]
[White "Manakov, Marina"]
[Black "Vasilevich, Tatjana"]
[Result "1/2-1/2"]
[WhiteElo "2296"]
[BlackElo "2400"]
[PlyCount "39"]
[EventDate "1999.10.16"]
[EventType "team-tourn"]
[EventRounds "11"]
[EventCountry "GER"]
[SourceTitle "CBM 075 Extra"]
[Source "ChessBase"]
[SourceDate "2000.05.11"]
[SourceVersion "2"]
[SourceVersionDate "2000.05.11"]
[SourceQuality "1"]
[WhiteTeam "Karlsruhe"]
[BlackTeam "Rodewisch"]
[WhiteTeamCountry "GER"]
[BlackTeamCountry "GER"]

1. d4 Nf6 2. Nf3 e6 3. Bg5 d5 4. e3 c5 5. Nbd2 Nbd7 6. c3 Be7 7. Bd3 Qc7 8. 0-0 0-0 9. Qe2 Re8 10. e4 dxe4 11. Nxe4 Nd5 12. Rad1 Bxg5 13. Nexg5 h6 14. Ne4 Nf4 15. Qe3 Nxd3 16. Qxd3 b6 17. dxc5 Nxc5 18. Qd6 Qxd6 19. Nxd6 Re7 20. Rfe1 1/2-1/2

[Event "BL2-Ost 9900"]
[Site "Germany"]
[Date "2000.03.12"]
[Round "7.5"]
[White "Manakov, Marina"]
[Black "Ferlan, Istok"]
[Result "1/2-1/2"]
[WhiteElo "2295"]
[BlackElo "2315"]
[PlyCount "31"]
[EventDate "1999.10.10"]
[EventType "team-tourn"]
[EventRounds "9"]
[EventCountry "GER"]
[SourceTitle "CBM 075 Extra"]
[Source "ChessBase"]
[SourceDate "2000.05.11"]
[SourceVersion "2"]
[SourceVersionDate "2000.05.11"]
[SourceQuality "1"]
[WhiteTeam "Marktheidenfeld"]
[BlackTeam "Wuerzburg"]
[WhiteTeamCountry "GER"]
[BlackTeamCountry "GER"]

1. d4 g6 2. Nf3 Bg7 3. c4 d6 4. Nc3 Nf6 5. e4 0-0 6. h3 Qe8 7. Be3 Na6 8. Be2 e5 9. d5 Nh5 10. Ng1 Nf4 11. Bf3 f5 12. Nge2 fxe4 13. Nxe4 Nb4 14. Nc1 b5 15. Qb3 a5 16. c5 1/2-1/2

[Event "BL 9900 (Women)"]
[Site "Germany"]
[Date "2000.03.04"]
[Round "8.2"]
[White "Manakov, Marina"]
[Black "Belic, Jordanka"]
[Result "0-1"]
[WhiteElo "2296"]
[BlackElo "2345"]
[PlyCount "72"]
[EventDate "1999.10.16"]
[EventType "team-tourn"]
[EventRounds "11"]
[EventCountry "GER"]
[SourceTitle "CBM 075 Extra"]
[Source "ChessBase"]
[SourceDate "2000.05.11"]
[SourceVersion "2"]
[SourceVersionDate "2000.05.11"]
[SourceQuality "1"]
[WhiteTeam "Karlsruhe"]
[BlackTeam "Emsdetten Turm"]
[WhiteTeamCountry "GER"]
[BlackTeamCountry "GER"]

1. d4 Nf6 2. Nf3 g6 3. c4 Bg7 4. Nc3 0-0 5. Bf4 d6 6. e3 c6 7. Be2 Nbd7 8. 0-0 a6 9. a4 a5 10. h3 Re8 11. Bh2 Qb6 12. Qc2 Nb8 13. e4 Nfd7 14. Rad1 Na6 15. Rfe1 e5 16. Qd2 Qb4 17. Bf1 Nc7 18. Qc2 Qb6 19. dxe5 dxe5 20. Rd6 Bf8 21. Rd2 f6 22. Red1 Nc5 23. g4 g5 24. Ne2 Qb3 25. Qxb3 Nxb3 26. Rc2 Na6 27. Ne1 Nb4 28. Rc3 Nc5 29. Rf3 Kg7 30. Nc3 Be6 31. Ng2 Red8 32. Rb1 Nb3 33. Re3 Bc5 34. Ree1 Nd2 35. Rbd1 Nf3+ 36. Kh1 Nxe1 0-1

[Event "BL2-Ost 9900"]
[Site "Germany"]
[Date "2000.02.20"]
[Round "6.3"]
[White "Zude, Erik"]
[Black "Manakov, Marina"]
[Result "1-0"]
[WhiteElo "2330"]
[BlackElo "2295"]
[PlyCount "99"]
[EventDate "1999.10.10"]
[EventType "team-tourn"]
[EventRounds "9"]
[EventCountry "GER"]
[SourceTitle "CBM 074 Extra"]
[Source "ChessBase"]
[SourceDate "2000.03.10"]
[SourceVersion "2"]
[SourceVersionDate "2000.03.10"]
[SourceQuality "1"]
[WhiteTeam "Hofheim"]
[BlackTeam "Marktheidenfeld"]
[WhiteTeamCountry "GER"]
[BlackTeamCountry "GER"]

1. d4 d5 2. c4 c6 3. Nc3 Nf6 4. Bg5 Ne4 5. Nxe4 dxe4 6. Qd2 a5 7. e3 f6 8. Bh4 Bf5 9. Ne2 Nd7 10. Nc3 e5 11. a3 Bd6 12. c5 Bc7 13. Bc4 Qe7 14. 0-0 h5 15. h3 g5 16. Bg3 h4 17. Bh2 0-0-0 18. b4 g4 19. hxg4 h3 20. g3 exd4 21. gxf5 dxc3 22. Qc2 Qe5 23. Be6 Rhe8 24. Rad1 Rxe6 25. fxe6 Qxe6 26. Rd4 Re8 27. Rfd1 Qg4 28. f4 Re7 29. Qxc3 Rg7 30. Qd2 Qe6 31. Qe2 f5 32. Qh5 Nf6 33. Qxh3 Rh7 34. Qf1 Ng4 35. R1d2 Nxe3 36. Qe2 Ng4 37. Qd1 Rh8 38. bxa5 Qg6 39. Qb3 e3 40. Rb2 b5 41. axb6 Nxh2 42. Qxe3 Rh3 43. Kg2 Ng4 44. Qe7 Rxg3+ 45. Kxg3 Ne3+ 46. Kf2 Qg2+ 47. Kxe3 Qg1+ 48. Kd3 Qd1+ 49. Kc3 Qe1+ 50. Qxe1 1-0

[Event "Dresden (Women)"]
[Site "Dresden"]
[Date "2000.??.??"]
[Round "2"]
[White "Manakov, Marina"]
[Black "Shour, Janna"]
[Result "1/2-1/2"]
[WhiteElo "2295"]
[BlackElo "2215"]
[PlyCount "87"]
[EventDate "2000.07.20"]
[EventType "tourn"]
[EventRounds "9"]
[EventCountry "GER"]
[SourceTitle "CBM 077 Extra"]
[Source "ChessBase"]
[SourceDate "2000.09.14"]
[SourceVersion "1"]
[SourceVersionDate "2000.09.14"]
[SourceQuality "1"]

1. d4 Nf6 2. Nf3 g6 3. c3 Bg7 4. Bg5 d6 5. Nbd2 0-0 6. e4 c5 7. dxc5 dxc5 8. Bc4 Qc7 9. Qc2 Nc6 10. 0-0 a6 11. Rfe1 b5 12. Bd5 Bb7 13. Bxf6 Bxf6 14. e5 Bg7 15. e6 f5 16. Ng5 Rad8 17. Bxc6 Qxc6 18. Ndf3 h6 19. Nf7 Rd5 20. Qe2 g5 21. Qe3 c4 22. Rad1 f4 23. Qe2 Rxd1 24. Qxd1 Qd5 25. Qxd5 Bxd5 26. Re2 Rb8 27. a3 a5 28. N3e5 Rb7 29. Nd8 Rc7 30. Rd2 Be4 31. f3 Bd3 32. Kf2 Kh7 33. Nef7 Rc8 34. Nb7 Rc6 35. Nfd8 Rc8 36. Nf7 b4 37. axb4 axb4 38. cxb4 Bd4+ 39. Ke1 Ra8 40. Na5 Ra6 41. Nd8 Rd6 42. Nab7 Ra6 43. Na5 Rd6 44. Nab7 1/2-1/2

[Event "Dresden (Women)"]
[Site "Dresden"]
[Date "2000.??.??"]
[Round "3"]
[White "Moser, Eva"]
[Black "Manakov, Marina"]
[Result "1-0"]
[WhiteElo "2330"]
[BlackElo "2295"]
[PlyCount "81"]
[EventDate "2000.07.20"]
[EventType "tourn"]
[EventRounds "9"]
[EventCountry "GER"]
[SourceTitle "CBM 077 Extra"]
[Source "ChessBase"]
[SourceDate "2000.09.14"]
[SourceVersion "1"]
[SourceVersionDate "2000.09.14"]
[SourceQuality "1"]

1. e3 d5 2. f4 g6 3. Nf3 Bg7 4. Be2 c5 5. 0-0 Nc6 6. d3 Nh6 7. e4 dxe4 8. dxe4 Qxd1 9. Bxd1 b6 10. c3 Ba6 11. Re1 e5 12. Na3 0-0-0 13. Ba4 Kb7 14. fxe5 Ng4 15. e6 fxe6 16. Ng5 Rhe8 17. Bb3 Nd4 18. Bd1 Ne5 19. cxd4 Nd3 20. Re3 Nxc1 21. Rxc1 Bxd4 22. Nc2 Bxe3+ 23. Nxe3 Rd2 24. Bc2 Re2 25. Nf1 h6 26. Nf3 g5 27. Ng3 g4 28. Nxe2 gxf3 29. Ng3 Rf8 30. gxf3 Rxf3 31. Kg2 Rf4 32. Rd1 Kc6 33. Rd2 Rg4 34. Rf2 Rg7 35. Kf3 Bb7 36. Ke3 Kd6 37. Rf6 Rc7 38. Rxh6 b5 39. h4 a5 40. h5 Ke5 41. Rg6 1-0

[Event "Dresden (Women)"]
[Site "Dresden"]
[Date "2000.??.??"]
[Round "5"]
[White "Vasilevich, Tatjana"]
[Black "Manakov, Marina"]
[Result "1-0"]
[WhiteElo "2425"]
[BlackElo "2295"]
[PlyCount "65"]
[EventDate "2000.07.20"]
[EventType "tourn"]
[EventRounds "9"]
[EventCountry "GER"]
[SourceTitle "CBM 077 Extra"]
[Source "ChessBase"]
[SourceDate "2000.09.14"]
[SourceVersion "1"]
[SourceVersionDate "2000.09.14"]
[SourceQuality "1"]

1. d4 d5 2. c4 c6 3. Nf3 Nf6 4. Nc3 dxc4 5. a4 Bf5 6. Nh4 e6 7. Nxf5 exf5 8. e3 Bd6 9. Bxc4 0-0 10. h3 Ne4 11. 0-0 Qh4 12. Qb3 b6 13. a5 Nd7 14. axb6 Ng5 15. Ne2 Nxb6 16. Bd3 g6 17. f4 Ne6 18. Bd2 c5 19. d5 Nc7 20. Rxa7 Ncxd5 21. Rxa8 Rxa8 22. e4 fxe4 23. Bxe4 c4 24. Qf3 Bc5+ 25. Kh1 Rd8 26. Nc3 Nb4 27. Be1 Qf6 28. f5 Kg7 29. Qe2 Qd6 30. Bh4 Rd7 31. fxg6 hxg6 32. Bf6+ Kh7 33. Qh5+ 1-0

[Event "BL 9900 (Women)"]
[Site "Germany"]
[Date "1999.11.13"]
[Round "3.1"]
[White "Dworakowska, Joanna"]
[Black "Manakov, Marina"]
[Result "0-1"]
[WhiteElo "2306"]
[BlackElo "2296"]
[PlyCount "70"]
[EventDate "1999.10.16"]
[EventType "team-tourn"]
[EventRounds "11"]
[EventCountry "GER"]
[SourceTitle "CBM 073 Extra"]
[Source "ChessBase"]
[SourceDate "2000.01.11"]
[SourceVersion "1"]
[SourceVersionDate "2000.01.11"]
[SourceQuality "1"]
[WhiteTeam "Hamburger SK"]
[BlackTeam "Karlsruhe"]
[WhiteTeamCountry "GER"]
[BlackTeamCountry "GER"]

1. e4 c6 2. d4 g6 3. Nc3 d5 4. e5 h5 5. Bf4 Nh6 6. Qd2 Qa5 7. g3 Nf5 8. Bg2 e6 9. Nge2 b6 10. 0-0 Ba6 11. Rfd1 Nd7 12. a3 Bxe2 13. Qxe2 b5 14. Bh3 Be7 15. Qd2 Qd8 16. Bf1 a6 17. Ne2 c5 18. dxc5 Nxc5 19. Bg2 Rc8 20. h4 0-0 21. Nc3 Qb6 22. Qe2 b4 23. axb4 Qxb4 24. Rab1 Rfd8 25. Bh3 Nd4 26. Qe3 Nxc2 27. Qd2 Qb3 28. Bg2 Nb4 29. Be3 Qc2 30. Nxd5 Rxd5 31. Qxc2 Nxc2 32. Bxd5 Nxe3 33. fxe3 exd5 34. Rxd5 Ne4 35. Kg2 Rc2+ 0-1

[Event "DDMM (Women)"]
[Site "Weilburg"]
[Date "1999.05.??"]
[Round "2.1"]
[White "Dergatschova, Anna"]
[Black "Manakov, Marina"]
[Result "0-1"]
[WhiteElo "2195"]
[BlackElo "2300"]
[PlyCount "130"]
[EventDate "1999.??.??"]
[EventType "team"]
[EventRounds "5"]
[EventCountry "GER"]
[SourceTitle "EXT 2002"]
[Source "ChessBase"]
[SourceDate "2001.11.25"]
[SourceVersion "1"]
[SourceVersionDate "2001.11.25"]
[SourceQuality "1"]

1. d4 d5 2. Nf3 Nf6 3. e3 Bf5 4. c4 c6 5. Qb3 Qb6 6. Nc3 e6 7. c5 Qc7 8. Nh4 Bg4 9. f3 g5 10. fxg4 gxh4 11. Be2 Rg8 12. h3 h5 13. Bd2 hxg4 14. 0-0-0 Be7 15. hxg4 Nxg4 16. Rdf1 Nd7 17. e4 Ndf6 18. exd5 Nxd5 19. Nxd5 cxd5 20. Bb5+ Kf8 21. Qf3 Bf6 22. Bf4 Qxf4+ 23. Qxf4 Bg5 24. Rxh4 Bxf4+ 25. Rxf4 f5 26. Rh7 Rg7 27. Rh8+ Rg8 28. Rxg8+ Kxg8 29. Be2 Nh6 30. g4 Kg7 31. gxf5 Nxf5 32. Bg4 Kg6 33. Bxf5+ exf5 34. Kd2 Rh8 35. Rf2 Rh4 36. Kd3 Rh3+ 37. Ke2 Rh4 38. Ke3 Re4+ 39. Kd3 f4 40. b4 Re3+ 41. Kd2 Kf5 42. b5 Ke4 43. c6 bxc6 44. bxc6 Rd3+ 45. Kc1 Rh3 46. Kb2 f3 47. Kb3 Ke3 48. Rf1 Rh6 49. Rc1 f2 50. c7 Rh8 51. Kb4 Rc8 52. Ka5 Rxc7 53. Rxc7 f1Q 54. Rxa7 Qb1 55. a4 Kxd4 56. Ka6 Kc5 57. Rc7+ Kd6 58. Rb7 Qd3+ 59. Ka5 Qc3+ 60. Ka6 Qc4+ 61. Ka5 d4 62. Rb6+ Kd5 63. Rb5+ Ke4 64. Rb4 Qc3 65. Kb5 Kd5 0-1